000 00686na a2200229 4500
001 12835
003 MIRAKIL
005 20181213154816.0
008 160926b tu 000 0
035 _a12835
040 _aMilas
_btur
_cTR-AnCHP
082 _a260
_bJ21h 1994
090 _a260 J21h 1994
100 _aJacob, P. Xavier
245 _aHıristiyan kiliseleri ve ibadet yerleri
_cP. Xavier Jacob
260 _aİstanbul
_b[yayl.y.]
_c1994
_fOrhan Basımevi
300 _a36 s.
_c20 sm.
650 _aHıristiyanlık
_xMabetler
_xDinsel törenler
650 _aHıristiyanlık
_xKiliseler
_xDinsel ritüeller
650 _aHıristiyanlık
_xİbadet yerleri
942 _2ddc
_cBKS
999 _c1246
_d1246